| 000 | 00909nam a2200277Ia 4500 | ||
|---|---|---|---|
| 003 | GCL | ||
| 005 | 20240530102255.0 | ||
| 008 | 140319s9999 xx 000 0 ara d | ||
| 040 |
_aGCL / _cGCL |
||
| 082 | 0 | 4 |
_a953.082 _bق/ا ق |
| 100 | 1 | _aاحمد مختار العبادى | |
| 245 | 1 | 0 |
_aقيام دولة المماليك الاولى فى مصر والشام / _cاحمد مختار العبادى |
| 260 |
_aالقاهرة : _bمؤسسة شباب الجامعة |
||
| 300 |
_a323 ص ؛ _c24 سم |
||
| 650 | 0 | 4 | _aمصر |
| 650 | 0 | 4 | _aتاريخ |
| 650 | 0 | 4 | _aالاحوال السياسية |
| 650 | 0 | 4 | _aدولة المماليك |
| 650 | 0 | 4 | _aالحروب الصليبية |
| 650 | 0 | 4 | _aالتاريخ الحربى |
| 650 | 0 | 4 | _aبلاد الشام |
| 650 | 0 | 4 | _aالدولة الايوبية |
| 650 | 0 | 4 | _aالمغول |
| 650 | 0 | 4 | _aمعركة عين جالوت |
| 942 |
_2ddc _cBK |
||
| 999 |
_c31066 _d31066 |
||